Mathematics

Αποθηκεύτηκε σε:
Λεπτομέρειες βιβλιογραφικής εγγραφής
Κύριος συγγραφέας: Starr, Arthur Tisso
Μορφή: Βιβλίο
Γλώσσα:Greek
Δημοσίευση: London : Sir Isaac Pitman & Sons, 1957
Σειρά:Engineering degree series
Θέματα:
Ετικέτες: Προσθήκη ετικέτας
Δεν υπάρχουν, Καταχωρήστε ετικέτα πρώτοι!

MARC

LEADER 00000cam a2200000 i 4500
001 1/9205
008 100712s1957 gre d
035 |l 10108544 
040 |a GR-MY-UA  |b gre  |e aacr 
041 0 |a gre 
082 0 |a 510  |2 (22) 
100 1 |a Starr, Arthur Tisso. 
245 1 0 |a Mathematics /  |c by A. T. Starr 
260 |a London :   |b Sir Isaac Pitman & Sons,   |c 1957 
300 |a ix, 547 σ.;  |b εικ.;  |c 23 εκ. 
490 1 |a Engineering degree series 
504 |a Περιέχει ευρετήριο 
650 0 0 |a Mathematics. 
830 0 |a Engineering degree series 
852 |a INST  |b SAMOS  |c MAG  |e 20100712  |h 510 STA  |p 005300031535  |q 005300031535  |t BK  |y 0 
901 |a BIBL3-2010-2 
909 |a Σ  |b 162659 
970 |a ΣΙΤΖΙΜΗ  |b ΓΙΑΣΕΜΗ  |z 2010/07/12